[Event "8th RTU Open 2018"]
[Site "Riga"]
[Date "2018.08.07"]
[Round "2"]
[White "Pultinevicius, Paulius"]
[Black "Rogule, Laura"]
[Result "1/2-1/2"]
[WhiteElo "2452"]
[BlackElo "2272"]
[Annotator "TA"]
[PlyCount "71"]
[EventDate "2018.08.06"]
[EventType "swiss"]
[EventCountry "LAT"]
[SourceTitle "playchess.com"]
[Source "ChessBase"]
[SourceQuality "1"]

{[%evp 20,71,42,32,49,41,54,36,35,58,86,65,48,51,35,33,18,0,0,10,4,0,0,0,103,47,54,9,9,-33,-16,-16,-16,-16,-16,-16,-16,-34,-35,-37,-39,-49,-42,-214,-212,-202,0,-62,0,-201,0,-77,0,-138]} 1. d4 d5 2. c4 e6 3. Nf3 Nf6 4. Nc3 Be7 5. Bf4 O-O 6. e3 c5 7. dxc5 Bxc5 8. cxd5 exd5 9. Bd3 Nc6 10. O-O a6 11. Rc1 {LiveBook: 3 Games. D35: Queen's Gambit Declined: Exchange Variation} h6 12. h3 Be6 $146 ({Predecessor:} 12... Ba7 13. Ne2 Ne4 14. Bb1 Re8 15. Ned4 Bd7 16. Nxc6 Bxc6 17. Nd4 Bd7 {0-1 (34) Ushakova,I (2167)-Alavkin,A (2454) Samara 2010}) 13. Na4 {White is slightly better.} Ba7 14. Bxa6 Bxe3 15. Bxe3 Rxa6 16. Nc5 Rxa2 17. Qb3 Ra8 18. Nxe6 fxe6 19. Qxb7 Na5 $1 {[%cal Ra5b7]} 20. Qb4 Rb8 21. Qe1 {Bf4 is the strong threat.} Nc4 {[#]} (21... Re8 $11) 22. Bd4 (22. Ba7 $1 $16) 22... Qe8 23. b4 Nd7 {[%cal Bf6d7,Bd7e5,Be5f3][%mdl 32]} 24. Bc3 {[#]} Rxf3 $1 {[%mdl 512]} 25. gxf3 Qg6+ 26. Kh2 {Threatens to win with Rg1.} Qf5 {White must now prevent ...Nde5.} 27. Rg1 Nde5 28. Rg3 {Hoping for Bxe5.} Nxf3+ 29. Rxf3 Qxf3 30. Qxe6+ Kh7 31. Rc2 $2 {[#]} (31. Qg4 $15 Qxf2+ 32. Qg2) 31... Qf4+ $1 $19 32. Kh1 Qf3+ ({Black should try} 32... Rb6 $19 33. Qg4 (33. Qxd5 $2 Rd6 $19) 33... Qf7) 33. Kh2 $15 Qf4+ (33... h5 $15 34. Qd7 Rg8) 34. Kh1 $1 $19 Qf3+ (34... Rb6 $19 {is more deadly.} 35. Qg4 (35. Qxd5 $2 Rd6 $19) 35... Qf8) 35. Kh2 $17 Qf4+ ({Better is} 35... Rb6 36. Qg4 Qf7) 36. Kh1 $1 {Precision: White = 35%, Black = 45%.} 1/2-1/2

[Event "8th RTU Open 2018"]
[Site "Riga"]
[Date "2018.08.07"]
[Round "2"]
[White "Cruz Lledo, Pablo"]
[Black "Hjelmaas, Lars"]
[Result "0-1"]
[WhiteElo "2432"]
[BlackElo "2271"]
[Annotator "TA"]
[PlyCount "112"]
[EventDate "2018.08.06"]
[EventType "swiss"]
[EventCountry "LAT"]
[SourceTitle "playchess.com"]
[Source "ChessBase"]
[SourceQuality "1"]

{[%evp 16,112,13,14,19,0,0,2,4,-2,-12,-77,-62,-81,-83,-237,-191,-210,-194,-218,-222,-208,-216,-323,-301,-299,-290,-357,-366,-358,-353,-327,-257,-263,-211,-211,-211,-212,-181,-191,-188,-198,-199,-203,-188,-186,-166,-215,-195,-212,-191,-200,-193,-221,-221,-212,-212,-239,-237,-315,-315,-305,-298,-579,-576,-555,-541,-451,-509,-487,-189,-734,-710,-685,-670,-2084,-2045,-29973,-29974,-29968,-3154,-29977,-29978,-29978,-29979,-29978,-29979,-29982,-29983,-29982,-29972,-29972,-29976,-29980,-29981,-29987,-29988,-29988,-29980]} 1. d4 f5 2. g3 g6 3. Bg2 Bg7 4. Nh3 Nf6 5. O-O O-O 6. Nf4 c6 {A81: Dutch Defence: 2 g3} 7. c4 d6 8. d5 e5 9. dxe6 {LiveBook: 10 Games} Re8 10. Qb3 $146 ({Predecessor:} 10. Nc3 Na6 11. Be3 Bxe6 12. Nxe6 Rxe6 13. Qd2 Qe7 14. Rad1 Rxe3 15. Qxe3 Qxe3 16. fxe3 {1-0 (35) Fernandes,A (2463)-Fathallah,J (2003) Lisbon 2017}) 10... Na6 11. Nc3 Nc5 12. Qa3 g5 13. Nh3 {[#]} (13. Nd3 $11) 13... h6 $1 $17 (13... Bxe6 $6 14. Bxg5 Bxc4 15. Rad1 $11) 14. Be3 Bxe6 15. f3 $2 (15. Rad1 $17 Qe7 16. b3) 15... Bxc4 16. Bxc5 dxc5 17. Qxc5 Qb6 18. Qxb6 axb6 19. Rfe1 (19. f4 $142) 19... Nd5 $19 20. Nxd5 Bxd5 21. e4 fxe4 ({But not} 21... Bxa2 22. exf5 Rxe1+ 23. Rxe1 $19) ({And not} 21... Bxb2 22. exd5 Bd4+ 23. Kf1 $11) 22. fxe4 Bxa2 23. Rad1 Rad8 24. Nf2 Bb3 ({Stronger than} 24... Bxb2 25. Rxd8 Rxd8 26. Re2 $14) 25. Rxd8 Rxd8 26. e5 Re8 27. Nd3 Bc4 28. Bf1 b5 29. Kf2 Kf7 30. h4 g4 31. Be2 Re7 32. h5 Bxd3 33. Bxd3 Bxe5 {[%mdl 4096] Endgame KRB-KRB} 34. Re4 Bxb2 35. Rxg4 Bc1 36. Rg6 Ke8 37. Bf5 Kd8 38. Be6 Kc7 39. Kf3 $2 (39. Rf6) 39... b4 40. Ke4 Kd6 41. Kf5 Kc5 42. Bg8 Kd4 $2 (42... Re8 {And now ...Rxg8! would win.} 43. Ba2 Ra8) 43. g4 $2 (43. Rg4+ Kd3 44. Kf6) 43... Kc3 44. Kf6 Rc7 45. g5 Bxg5+ 46. Rxg5 hxg5 {KR-KB} 47. h6 b3 (47... g4 $142 48. Bf7 Rc8 49. Be6 g3 50. Bxc8 g2 51. h7 g1=Q 52. Kf7 Qd4 53. Be6 Qh8 54. Kg6 b3 55. Bf5 b2 56. Bb1 Kb3 57. Bf5 Qe5 58. Bb1 c5 59. Kf7 c4 60. Bg6 c3 61. Kg8 Qg5 62. Kf7 Qxg6+ 63. Kxg6 b1=Q+ 64. Kg7 Qg1+ 65. Kh8 Qd4+ 66. Kg8 Qd8+ 67. Kg7 Qd7+ 68. Kg6 Qe6+ 69. Kg7 c2 70. h8=R c1=Q 71. Rh3+ Qxh3 72. Kf6 Qc6+ 73. Ke7 Qh7+ 74. Kf8 Qc8#) 48. Bf7 b2 {Black mates.} 49. h7 b1=Q 50. h8=Q {KQR-KQB} Kb4 51. Qf8+ c5 52. Be6 Qb2+ 53. Kg6 Qe5 54. Bf5 {[#]} g4 $1 55. Bxg4 Rc6+ 56. Kh7 Qg5 {Precision: White = 33%, Black = 69%.} 0-1

[Event "8th RTU Open 2018"]
[Site "Riga"]
[Date "2018.08.07"]
[Round "2"]
[White "Zatonskih, Anna"]
[Black "Lobanov, Sergei"]
[Result "0-1"]
[WhiteElo "2431"]
[BlackElo "2531"]
[Annotator "TA RC"]
[PlyCount "106"]
[EventDate "2018.08.06"]
[EventType "swiss"]
[EventCountry "LAT"]
[SourceTitle "playchess.com"]
[Source "ChessBase"]
[SourceQuality "1"]

{[%evp 18,106,-42,-11,-17,-13,-15,-83,-77,-79,-77,-131,-133,-97,-50,-67,-30,-33,-14,-14,-4,-26,0,0,0,0,0,-11,0,-14,-11,-11,-11,-31,-11,-9,-8,-10,-13,-18,-11,-19,-18,-24,-12,-12,-8,-39,-45,-56,-56,-129,-114,-180,-185,-177,-168,-301,-278,-272,-271,-264,-242,-283,-283,-339,-339,-299,-287,-263,-160,-29974,-29975,-29972,-29973,-29980,-29977,-29979,-29980,-29981,-29982,-29982,-29983,-29983,-29984,-29984,-29982,-29982,-29981,-29981,-29975]} 1. e4 c5 2. Nf3 d6 3. d4 cxd4 4. Nxd4 Nf6 5. f3 e5 6. Bb5+ Nbd7 7. Nf5 d5 8. exd5 a6 9. Ba4 b5 10. Bb3 {LiveBook: 116 Games} a5 {[%cal Ba6a5,Ba5a4][%mdl 32] And now ...Nb6 would win. B55: Sicilian: 2...d6 3 d4 cxd4 4 Nxd4 Nf6 5 f3} (10... Nc5 11. Ne3 Nxb3 12. axb3 Bc5 13. c4 Nh5 14. g3 f5 15. Nc3 O-O 16. Nc2 f4 17. Ne4 Ba7 18. Nb4 {0-1 (40) Yemelin,V (2568)-Volokitin,A (2686) Brasov 2011}) 11. c3 Nb6 12. Ne3 (12. Bc2 $11 {keeps the balance.}) 12... a4 $17 {Black is better.} 13. Bc2 {[#]} Bc5 $1 ({But not} 13... Nfxd5 14. Qe2 $11) 14. Qd3 $146 {[#]} ({Better is} 14. Na3) ({Predecessor:} 14. Qe2 Ba6 15. Bd3 Qd7 16. Nd2 Nbxd5 17. Ne4 Bb6 18. Nxf6+ Nxf6 {½-½ (41) Bednay,D (2225)-Bonn,U Budapest 2005}) 14... O-O $1 15. Nd2 (15. Qxb5 Bxe3 16. Bxe3 Nbxd5 $17) 15... Bxe3 ({Much weaker is} 15... Nbxd5 $6 16. Ne4 $11) 16. Ne4 {Nxf6+ would kill now.} Nxe4 17. Qxe4 {[%csl Gc2][%cal Re4h7]} f5 18. Qxe3 Nxd5 19. Qc5 Qh4+ 20. g3 Qc4 21. Qxc4 bxc4 22. O-O Kf7 23. Re1 Kf6 24. Bd2 Be6 25. b3 (25. b4 {with more complications.} axb3 26. axb3 h6 27. Reb1 Rxa1 28. Rxa1 cxb3 29. Bxb3 Rd8 30. Ra7) 25... axb3 26. axb3 cxb3 27. Rxa8 Rxa8 28. Bxb3 Nb6 29. Be3 {Threatens to win with Bxe6.} Nd7 30. Bc2 Rc8 31. Ba4 Nc5 32. Bb5 Nb3 33. f4 e4 34. Bc1 (34. Ba4 $15) 34... Bc4 35. Ba4 (35. Bxc4 $17 {keeps fighting.} Rxc4 36. Ba3) 35... Nxc1 $19 36. Rxc1 {[%mdl 4096] Endgame KRB-KRB} Ra8 37. Bc2 (37. Bd1 $142) 37... Ra2 38. Bd1 g5 39. fxg5+ Kxg5 40. h4+ Kf6 41. Bh5 Ke5 42. Re1 f4 43. gxf4+ Kxf4 {aiming for ...e3.} 44. Be8 $2 (44. Bf7 $17 Ra4 45. Rd1) 44... Be2 {Black mates.} 45. Bf7 Rb2 46. Bg8 h6 47. Bd5 Bf3 48. c4 Rg2+ 49. Kf1 Rh2 50. Bxe4 Bxe4 51. Kg1 Rh1+ 52. Kf2 Rxe1 53. Kxe1 Ke5 {Precision: White = 50%, Black = 84%.} 0-1

[Event "8th RTU Open 2018"]
[Site "Riga"]
[Date "2018.08.07"]
[Round "2"]
[White "Yankelevich, Lev"]
[Black "Arnold, Max"]
[Result "1-0"]
[WhiteElo "2420"]
[BlackElo "2260"]
[Annotator "TA"]
[PlyCount "111"]
[EventDate "2018.08.06"]
[EventType "swiss"]
[EventCountry "LAT"]
[SourceTitle "playchess.com"]
[Source "ChessBase"]
[SourceQuality "1"]

{[%evp 16,111,18,26,16,18,19,15,22,25,10,0,0,0,0,0,0,-12,-21,-16,-16,-28,-30,-54,-27,-44,-57,-31,-18,-9,-10,-14,-1,-13,-3,-7,23,0,0,0,7,10,48,37,40,38,36,36,54,10,0,2,80,80,77,75,72,12,168,110,168,141,168,121,121,121,154,123,114,121,121,85,147,136,86,0,119,85,127,80,127,109,134,134,183,128,193,145,258,148,156,155,1469,1436,1206,1187,1092,1060]} 1. d4 Nf6 2. c4 e6 3. g3 d5 4. Bg2 Bb4+ 5. Nd2 O-O 6. Ngf3 dxc4 {E01: Catalan: Early deviations} (6... b6 7. O-O Bb7 8. b3 c5 9. Bb2 Nbd7 10. a3 Bxd2 11. Nxd2 cxd4 12. Bxd4 Rc8 13. b4 Qe7 14. Rc1 Rfd8 15. Qb3 dxc4 16. Nxc4 Bxg2 17. Kxg2 {0-1 (55) Ding,L (2777)-Carlsen,M (2837) Riadh 2017}) 7. a3 Bxd2+ 8. Bxd2 Nc6 9. e3 {LiveBook: 7 Games} b5 10. O-O Bb7 11. b3 Ne7 $146 ({Predecessor:} 11... Nb8 12. bxc4 bxc4 13. Qc2 Nbd7 14. Qxc4 {½-½ (43) Melkumyan,H (2642)-Martinovic,S (2565) Heraklio 2017}) 12. bxc4 bxc4 13. Qc2 a5 14. Rfe1 {[#]} c5 $1 {[%mdl 512]} 15. dxc5 Rc8 {aiming for ...Be4.} 16. Bc3 {And now Ng5 would win.} Be4 17. Qb2 Rxc5 {Threatening ...Ned5.} 18. Bxf6 gxf6 19. Qxf6 Ng6 (19... Nf5 $5 {[%cal Rd8f6]} 20. Qxd8 Rxd8 $15) 20. Qxd8 Rxd8 21. Nd4 Bxg2 22. Kxg2 e5 23. Nf3 f6 24. Rec1 Ne7 25. Rc2 Nd5 26. Rb1 c3 27. e4 Nc7 28. Rbc1 Rd3 29. Ne1 $36 {[%mdl 2048] White is pushing.} Rd4 30. Rxc3 Rxc3 31. Rxc3 $14 {[%mdl 4096] Endgame KRN-KRN} Nb5 32. Rb3 Nd6 33. f3 Nc4 (33... Rd2+ $11 34. Kg1 Ra2) 34. Rc3 $16 Kf7 35. Kh3 Nd2 36. Nc2 (36. Ng2 $16) 36... Ra4 $2 {[#]} (36... Rd7 $1 $11 {and Black has nothing to worry.}) 37. Kg2 (37. Rd3 $1 $18 {[%cal Rd3d2]} Nc4 38. Kg2) 37... Kg6 (37... Rc4 $16 {keeps fighting.} 38. Rxc4 Nxc4) 38. Kf2 Nb1 39. Rb3 Nd2 40. Rd3 Nc4 41. Ke2 f5 42. exf5+ Kxf5 43. Rc3 {Black must now prevent Rxc4!} Ke6 (43... Kf6 $142 44. h4 h5) 44. Kd3 Nb2+ 45. Ke2 Nc4 $1 46. Rb3 Kd6 47. h4 Ke6 48. g4 Nd6 49. Ne3 h5 50. Kf2 ({Better is} 50. Rb6 $18) 50... e4 (50... Kf7 $16 51. gxh5 Rxh4) 51. Rb6 $18 Kd7 (51... hxg4 $16 {was called for.} 52. fxg4 Ke5) 52. g5 (52. gxh5 $18 exf3 53. h6 (53. Kxf3 Rxa3 54. Kf4 Ra4+ 55. Kg5 Re4 $18)) 52... exf3 $16 53. g6 {[%cal Bg5g6,Bg6g7][%mdl 32]} Re4 $2 (53... Ne8 $16 54. Rb7+ (54. Kxf3 Rxh4 55. g7 Nxg7 $18) 54... Kd8) 54. g7 $18 {White is clearly winning.} Re8 55. Nd5 {Threatens to win with Nf6+.} Ne4+ 56. Kxf3 {Precision: White = 65%, Black = 42%.} 1-0

[Event "8th RTU Open 2018"]
[Site "Riga"]
[Date "2018.08.07"]
[Round "2"]
[White "Ruiz Castillo, Joshua Daniel"]
[Black "Severina, Maria"]
[Result "1-0"]
[WhiteElo "2415"]
[BlackElo "2242"]
[Annotator "NA RC"]
[PlyCount "145"]
[EventDate "2018.08.06"]
[EventType "swiss"]
[EventCountry "LAT"]
[SourceTitle "playchess.com"]
[Source "ChessBase"]
[SourceQuality "1"]
[TimeControl "5400+30"]

1. e4 e5 {[%emt 0:03:20]} 2. Nf3 {[%emt 0:00:00]} Nc6 {[%emt 0:00:02]} 3. Bb5 {[%emt 0:00:00]} a6 {[%emt 0:00:32]} 4. Ba4 {[%emt 0:00:00]} Nf6 {[%emt 0:00:04]} 5. O-O {[%emt 0:00:50]} Be7 {[%emt 0:00:06]} 6. Re1 {[%emt 0:00:06]} b5 {[%emt 0:00:07]} 7. Bb3 {[%emt 0:00:04]} d6 {[%emt 0:00:02]} 8. c3 {[%emt 0:00:09]} O-O {[%emt 0:00:07]} 9. h3 {[%emt 0:00:03]} Nb8 {[%emt 0:00:14]} 10. d4 {[%emt 0:00:08]} Nbd7 {[%emt 0:00:18]} 11. Nbd2 {[%emt 0:00:09]} Bb7 {[%emt 0:00:10]} 12. Bc2 {[%emt 0:00:05]} Re8 {[%emt 0:00:08]} 13. Nf1 {[%emt 0:00:07]} Bf8 14. Ng3 g6 {[%emt 0:00:09]} 15. a4 {[%emt 0:00:16]} Nb6 {C95: Closed Ruy Lopez: Breyer Variation with 10 d4} 16. axb5 {[%emt 0:32:18]} axb5 {[%emt 0:00:16]} 17. Rxa8 {[%emt 0:03:42]} Qxa8 {[#]} 18. d5 $146 {[%emt 0:00:06]} ({Predecessor:} 18. Bg5 Bg7 19. dxe5 dxe5 20. Qc1 Nc4 21. Bh6 Nd6 22. Bxg7 Kxg7 23. Qe3 {½-½ (60) Amonatov,F (2636)-Sardana,R (2402) New Delhi 2018}) 18... c6 {[%emt 0:10:36]} 19. Bg5 Nfd7 {[%emt 0:02:47]} 20. dxc6 {[%emt 0:00:36]} Bxc6 {[%emt 0:00:05]} 21. h4 {[%emt 0:00:03]} d5 {[%emt 0:17:52]} 22. exd5 {[%emt 0:02:30]} Bxd5 {[%emt 0:06:55]} 23. h5 {[%emt 0:00:07]} e4 {[%emt 0:13:09]} 24. Nd4 {[%emt 0:03:13]} b4 {[%emt 0:02:42]} 25. hxg6 {[%emt 0:00:05]} hxg6 {[%emt 0:00:33]} 26. Qg4 {[%emt 0:01:04]} Bg7 {[%emt 0:13:55]} 27. Qh4 bxc3 {[%emt 0:04:43]} 28. bxc3 $11 {[%emt 0:04:22]} Qa5 {[%emt 0:03:33]} 29. Nge2 {[%emt 0:01:58]} Bxd4 {[%emt 0:10:13]} 30. Nxd4 {[%emt 0:00:08]} Qxc3 {[%emt 0:00:06]} 31. Rd1 {[%emt 0:00:02]} Ra8 {[%emt 0:00:44]} 32. Kh2 {[%emt 0:03:40]} Ra1 {[%emt 0:05:36]} 33. Rxa1 {[%emt 0:00:05]} Qxa1 {[%emt 0:00:04]} 34. Be3 {[%emt 0:00:03]} Qa8 {[%emt 0:00:47]} 35. Ne2 {[%emt 0:00:07]} Kg7 {[%emt 0:06:19]} 36. Qh6+ {[%emt 0:00:55]} Kf6 {[%emt 0:00:37]} 37. Bd4+ {[%emt 0:06:34]} Ke7 {[%emt 0:00:50]} 38. Nc3 {[%emt 0:09:55]} Qc6 {[%emt 0:00:12]} 39. Qe3 {[%emt 0:00:09]} Qe6 {[%emt 0:01:01]} 40. Bxb6 {[%emt 0:00:18]} Nxb6 {[%emt 0:00:21]} 41. g3 {[%emt 0:00:50]} Nd7 {[%emt 0:00:35]} 42. Ba4 {[%emt 0:00:58]} Bc6 {[%emt 0:00:30]} 43. Bxc6 {[%emt 0:00:06]} Qxc6 {[%emt 0:00:04]} 44. Nxe4 {[%emt 0:00:04]} Qe6 {[%emt 0:01:00]} 45. Qa3+ {[%emt 0:00:10]} Kd8 {[%emt 0:00:25]} 46. Nd6 {[%emt 0:00:15]} Qd5 {[%emt 0:00:26]} 47. Qb4 {[%emt 0:00:17]} Qh5+ {[%emt 0:00:24]} 48. Kg2 {[%emt 0:00:13]} Qd5+ {[%emt 0:00:21]} 49. f3 {[%emt 0:00:07]} f5 {[%emt 0:00:42]} 50. Qh4+ {[%emt 0:00:14]} Kc7 {[%emt 0:00:14]} 51. Ne8+ {[%emt 0:00:06]} Kc8 {[%emt 0:00:59]} 52. Qb4 {[%emt 0:05:13]} Qc5 {[%emt 0:00:31]} 53. Qd2 {[%emt 0:00:51]} Qe5 {[%emt 0:00:30]} 54. Nd6+ {[%emt 0:00:11]} Kc7 {[%emt 0:00:05]} 55. Nf7 {[%emt 0:00:32]} Qc5 {[%emt 0:00:49]} 56. Ng5 {[%emt 0:00:07]} Qc6 {[%emt 0:00:26]} 57. Qe2 {[%emt 0:02:49]} Qd5 {[%emt 0:00:38]} 58. Ne6+ {[%emt 0:00:07]} Kd6 {[%emt 0:00:26]} 59. Nf4 {[%emt 0:00:06]} Qc5 {[%emt 0:00:37]} 60. Nxg6 {[%emt 0:00:49]} Qd5 {[%emt 0:00:24]} 61. Nf4 {[%emt 0:00:15]} Qb3 {[%emt 0:00:30]} 62. Qd2+ {[%emt 0:00:26]} Ke7 {[%emt 0:00:21]} 63. Ng6+ {[%emt 0:00:46]} Ke6 {[%emt 0:00:19]} 64. Nf4+ {[%emt 0:01:59]} Ke7 {[%emt 0:00:05]} 65. Ne2 {[%emt 0:00:27]} Nf6 {[%emt 0:01:14]} 66. Nd4 {[%emt 0:00:17]} Qd5 {[%emt 0:00:27]} 67. Qf4 {[%emt 0:00:35]} Qa2+ {[%emt 0:00:11]} 68. Kh3 {[%emt 0:00:07]} Qb1 {[%emt 0:00:34]} 69. Nxf5+ {[%emt 0:04:12]} Kf7 {[%emt 0:00:05]} 70. Qc4+ {[%emt 0:00:13]} Kf8 {[%emt 0:01:16]} 71. Qc5+ {[%emt 0:00:19]} Kf7 {[%emt 0:00:14]} 72. Qe7+ {[%emt 0:00:41]} Kg6 {[%emt 0:00:14]} 73. Nh4+ {[%emt 0:00:07]} 1-0

[Event "8th RTU Open 2018"]
[Site "Riga"]
[Date "2018.08.07"]
[Round "2"]
[White "Bernotas, Arturs"]
[Black "Gorodetzky, Matan"]
[Result "1-0"]
[WhiteElo "2406"]
[BlackElo "2231"]
[Annotator "TA"]
[PlyCount "57"]
[EventDate "2018.08.06"]
[EventType "swiss"]
[EventCountry "LAT"]
[SourceTitle "playchess.com"]
[Source "ChessBase"]
[SourceQuality "1"]

{[%evp 19,57,14,18,14,20,-11,-15,-14,-15,-12,-18,-12,-14,-22,0,0,0,-18,-11,-12,8,0,8,0,0,0,0,0,56,73,154,156,161,160,621,614,741,741,29996,29997]} 1. e4 e6 2. d4 d5 3. Nd2 c5 4. Ngf3 a6 5. exd5 exd5 6. Be2 Nc6 7. O-O Nf6 {C08: French Tarrasch: 3...c5 4 exd5 exd5 sidelines} (7... Bd6 8. dxc5 Bxc5 9. Nb3 Bb6 10. c4 Nge7 11. c5 Bc7 12. Bd3 h6 13. h3 O-O 14. Re1 Bf5 15. Nfd4 Be4 {½-½ (55) Mamedov,R (2688)-Nyzhnyk,I (2613) chess.com INT 2017}) 8. Re1 Be6 9. dxc5 Bxc5 10. Nb3 Bb6 {LiveBook: 4 Games} 11. Nbd4 O-O 12. Bg5 h6 {[#] Strongly threatening ...Nxd4.} 13. Bh4 g5 14. Bg3 Ne4 $146 15. c3 Qf6 16. Bd3 Nxg3 17. hxg3 Bg4 {[%cal Rb6d4]} 18. Qa4 Bd7 19. Nxc6 Bxc6 20. Qb4 Ba7 21. Re2 a5 22. Qg4 Rad8 23. Rae1 $40 {[%mdl 128] Black needs to defend precisely.} d4 (23... Bd7 $11 24. Qh5 Rde8) 24. c4 $14 Qg7 ({Black should try} 24... Rfe8) 25. Qf5 $16 Bb6 26. Ne5 {[%cal Bf3e5,Be5g4,Bg4f6][%mdl 32]} Be8 $2 (26... Bc7 $16 27. Nxc6 bxc6) 27. Ng4 $18 Bc6 28. Re7 {[#] R1e6! is the strong threat.} Qg6 29. Nf6+ {Precision: White = 68%, Black = 53%.} 1-0

[Event "8th RTU Open 2018"]
[Site "Riga"]
[Date "2018.08.07"]
[Round "2"]
[White "Gokerkan, Cem Kaan"]
[Black "Valner, Uku"]
[Result "1-0"]
[WhiteElo "2404"]
[BlackElo "2227"]
[Annotator "TA"]
[PlyCount "125"]
[EventDate "2018.08.06"]
[EventType "swiss"]
[EventCountry "LAT"]
[SourceTitle "playchess.com"]
[Source "ChessBase"]
[SourceQuality "1"]

{[%evp 18,125,0,0,0,-30,-27,-38,-38,-34,-31,-58,-35,-45,-18,-14,-18,-18,-11,-18,-12,-19,0,0,0,0,15,13,18,18,18,17,24,27,30,20,12,0,0,-20,-20,-68,-20,-20,0,-39,31,0,31,17,31,31,58,31,35,31,91,89,101,93,133,109,109,91,174,175,152,144,265,258,264,264,264,264,264,264,229,189,190,193,197,180,264,186,137,137,130,130,130,0,129,130,140,114,124,124,124,124,29950,7057,5514,2413,29953,29947,5629,5629,5629,5210,5206,5206]} 1. e4 e6 2. d4 d5 3. Nd2 c5 4. Ngf3 cxd4 5. Nxd4 Nf6 6. Bd3 e5 7. N4f3 dxe4 {C07: French Tarrasch: 3...c5, 4 Ngf3 and 4 exd5 Qxd5} 8. Nxe4 Nxe4 9. Bxe4 Qxd1+ 10. Kxd1 {LiveBook: 3 Games} Nd7 11. Re1 f6 12. Bd5 $146 ({Predecessor:} 12. Bf5 Nb6 13. Bxc8 Rxc8 14. a4 Kf7 15. a5 {0-1 (47) Hausner,I (2335)-Buhmann,R (2601) Austria 2015}) 12... Nb6 13. Bb3 Bd7 14. Be3 O-O-O 15. Ke2 Bb4 (15... Kb8 $5 {[%cal Rd7b5]} 16. Kf1 Na4 $15) 16. Red1 Kb8 17. c3 Be7 18. Bxb6 axb6 19. Rd5 Kc7 20. Rad1 g5 21. Ne1 h5 22. Nc2 Bc6 23. Rxd8 Rxd8 24. Rxd8 Bxd8 $11 {[%mdl 4096] Endgame KBB-KBN} 25. Ne3 Kd6 26. Bf7 h4 27. g4 b5 28. Nf5+ Kd7 29. Bb3 Bc7 30. Bc2 Bd5 31. a3 Be6 (31... e4 $15 32. h3 Ke6) 32. Ne3 Kd6 33. Be4 b6 34. h3 Bd8 35. Bd3 Kc6 36. Bf5 Bd5 (36... Bf7 $14) 37. Bd7+ Kd6 38. Bxb5 e4 39. Nxd5 Kxd5 $16 {KB-KB} 40. Ke3 Bc7 (40... Be7 $16 {was necessary.}) 41. c4+ $18 Ke5 42. Bc6 f5 (42... Ke6 $16 43. Kxe4 Be5) 43. gxf5 Kxf5 {intending ...Bf4+.} 44. Bxe4+ Ke6 45. Bd5+ Kd7 46. Kd4 Bf4 47. Kc3 Be5+ 48. Kc2 Kc7 49. b4 Bd4 (49... Kd6 $142 50. Kd3 Bf6) 50. Kb3 Kd6 51. f3 Be3 52. Ka4 {Strongly threatening Kb5.} Bc1 53. Kb3 Be3 $1 54. Ba8 Bf4 55. a4 Bd2 56. a5 bxa5 57. c5+ Ke5 $2 {[%mdl 8192] [#]} (57... Ke7 $16) 58. b5 {[%cal Bb4b5,Bb5b6][%mdl 32]} Be3 59. Kc4 Ke6 60. b6 a4 61. Bd5+ {White is clearly winning.} Ke7 62. Kb5 Kd8 63. c6 {Precision: White = 70%, Black = 38%.} 1-0

[Event "8th RTU Open 2018"]
[Site "Riga"]
[Date "2018.08.07"]
[Round "2"]
[White "Lagunow, Raphael"]
[Black "Manafov, Vugar Gulam"]
[Result "1/2-1/2"]
[WhiteElo "2404"]
[BlackElo "2215"]
[Annotator "TA"]
[PlyCount "65"]
[EventDate "2018.08.06"]
[EventType "swiss"]
[EventCountry "LAT"]
[SourceTitle "playchess.com"]
[Source "ChessBase"]
[SourceQuality "1"]

{[%evp 25,65,22,45,37,39,30,42,32,57,39,72,35,158,141,156,114,181,71,80,72,74,75,71,0,0,0,0,-285,0,-24,0,0,0,0,0,0,0,0,0,0,0,0]} 1. e4 {[%cal Be2e4,Be4e5][%mdl 32]} Nf6 {[%cal Bg8f6,Bf6d5,Bd5b6][%mdl 32]} 2. e5 Nd5 3. d4 d6 4. c4 Nb6 5. f4 dxe5 6. fxe5 Bf5 7. Nc3 e6 8. Nf3 Be7 9. Be3 O-O 10. Be2 f6 11. exf6 Bxf6 12. O-O Nc6 13. Qd2 Qe8 {LiveBook: 4 Games} 14. Rad1 {B03: Alekhine's Defence: Four Pawns Attack} Rd8 15. Qc1 (15. Qe1 Rd7 16. Qg3 Qg6 17. Qxg6 Bxg6 18. Rd2 Rfd8 19. Rfd1 h6 20. h3 Na5 21. b3 Nc6 {½-½ (53) Dominguez Perez,L (2734)-Vitiugov,N (2691) St Petersburg 2012}) 15... Qg6 16. b3 $146 {White is slightly better.} ({Predecessor:} 16. Kh1 Rd7 17. d5 Bxc3 18. bxc3 exd5 19. Bxb6 axb6 20. cxd5 Re7 21. Bc4 Re4 {1-0 (39) Savoskin,V (1804)-Gritsuk,V (1683) Voronezh 2016}) 16... Kh8 17. Kh1 Rfe8 18. h3 e5 ({Black should play} 18... Nc8 $1 $14) 19. d5 $1 $16 {[%cal Rd5c6]} Nb4 20. g4 Bc2 {[#]} (20... Bd3 $16) 21. Rd2 (21. g5 $1 $18 {and the rest is easy. Black must now prevent Nh4.} Bxd1 22. Qxd1) 21... e4 22. Nd4 Bd3 23. Ne6 Bxc3 24. Nf4 ({Don't play} 24. Qxc3 N6xd5 25. cxd5 Nxd5 $11) (24. Nxd8 $16 Bxd2 25. Qxd2 Rxd8 26. Qxb4) 24... Qf6 {And now ...Qe5 would win.} 25. Nxd3 Qh4 26. Nf2 $2 {[%mdl 8192] [#]} (26. Nf4 $11 {and White has nothing to worry.} Bxd2 27. Bxd2) 26... Bxd2 $2 (26... Be5 $1 $19 {( -> ...Qg3)} 27. Rg1 Rf8) 27. Qxd2 $11 Nd3 28. Bxd3 {The position is equal.} exd3 29. Bg5 Qg3 {Threatens to win with ...Qf3+.} 30. Bxd8 {Hoping for Bg5.} Qf3+ 31. Kg1 Qg3+ 32. Kh1 {Strongly threatening Bg5.} Qf3+ 33. Kg1 {Precision: White = 55%, Black = 41%.} 1/2-1/2